00367nam a22000977a 4500008004100000082001600041100001700057245014400074260004300218300000800261230621b xxu||||| |||| 00| 0 eng d a328.54bMAL cG.C Malhotra aBureau of Parliamentary Studies and trainingbParliamentary Committees with Special Reference to Departmentally Related Standing Committees aNew DelhibLok Sabha Secretariatc2004 a46p